Can you answer all 15? Quiz - Statistics

General Stats
  • This quiz has been taken 35 times
  • The average score is 10 of 15
Answer Stats
Question Answer % Correct
From which country is Pope Francis? Argentina
90%
What is the historic name of Istanbul? Constantinople
84%
What is the longest bone in the human body? Femur
84%
Who was the mastermind behind the plan to blow up th British Parliament in 1605? Guy Fawkes
84%
Who sang "Don´t Stop Me Now" ? Queen
84%
Who was Queen Anne Boleyn´s spouse? Henry VIII
81%
Who is the most successful Olympic Swimmer, having won a total of 28 medals? Michael Phelps
81%
Which drug cartel leader was killed in Medellin in December of 1993? Pablo Escobar
81%
Which system of notation or communication only involves the numbers 1 and 0? Binary
77%
What is the name of the German Parliament building? Reichstag
71%
Who plays Maximus in the movie "Gladiator" ? Russell Crowe
68%
Which country produces the most wool? Australia
65%
Who won the 2020 UEFA Champions League? FC Bayern Munich
48%
What is the scientific term for low oxygen presence in blood? Hypoxemia
29%
In scientific classification, in what phylum are sharks classified? Chordata
10%
No matching quizzes found
Score Distribution
Percent of People with Each Score
Percentile by Number Answered
Your Score History
You have not taken this quiz